书目信息 |
| 书名: | What the numbers say | |
| 作者: | Derrick Niederman and David Boyum. | |
| 分册号: | ||
| 分册名: | 出版地: | New York : |
|
| 出版社: | Broadway Books | |
| 出版时间: | 2003. | |
| 页数: | x, 277 p. : | |
| 开本: | 22 cm. | |
| 丛书名: | ||
| 中图分类号: | ||
| 科图分类号: | ||
| 其他分类号: | N032 | |
| 主题词: | ||
| 电子资源: | ||
| 000 | 00779cam a22002534a 450 | |
| 001 | E0742189611 | |
| 005 | 20070709144342.54 | |
| 008 | 020925s2003 nyua b 001 0 eng | |
| 010 | @a2002034450 | |
| 020 | @a0767909984. | |
| 040 | @aDLC@cDLC@dDLC | |
| 042 | @apcc | |
| 050 | 00 | @aQA276@b.N455 2003 |
| 082 | 00 | @a001.4/22@2 21 |
| 090 | @aN032 | |
| 099 | @dN032@ex7 | |
| 100 | 1 | @aNiederman, Derrick. |
| 245 | 10 | @aWhat the numbers say :@ba field guide to mastering our numerical world / @cDerrick Niederman and David Boyum. |
| 250 | @a1st ed. | |
| 260 | @aNew York :@bBroadway Books,@c2003. | |
| 300 | @ax, 277 p. :@bill. ;@c22 cm. | |
| 504 | @aIncludes bibliographical references (p. [257]-266) and index. | |
| 650 | 0 | @aStatistics@vPopular works. |
| 700 | 1 | @aBoyum, David. |
| What the numbers say : : a field guide to mastering our numerical world / / Derrick Niederman and David Boyum.-1st ed.-New York : : Broadway Books, , 2003. |
| x, 277 p. : : ill. ; ; 22 cm. |
| Includes bibliographical references (p. [257]-266) and index. |
| ISBN 0767909984. |
| ● |
| 相关链接 |
|
|
|
|
正题名:What the numbers say
索取号:N032/x7
 
预约/预借
| 序号 | 登录号 | 条形码 | 馆藏地/架位号 | 状态 | 备注 |
| 1 | 0011716 | 300117166 | 第二样本阅览室/ [索取号:N032/x7] | 在馆 |